| 000 | 02538nam a2200517 4500 | ||
|---|---|---|---|
| 003 | PE-LiUPU | ||
| 005 | 20250731173119.0 | ||
| 008 | 211001n 000 0 eng u | ||
| 020 | _a | ||
| 035 | _a(Sirsi) a252910 | ||
| 082 | 0 | 4 |
_a291.1 _bF1 |
| 245 | 1 | 0 |
_aFaith development in context : _csymposium papers / _cBruce L. Bauer, editor. |
| 300 |
_aviii, 281 páginas ; _c23 centímetros |
||
| 440 |
_aAndrews University mission studies; _n2 |
||
| 505 | 0 | _aDoing Theology in Mission. -Faith development in context-an overview. -Introducing adventisst distinctives in new fields: a literary and historical analysis of selected counsels by Ellen G. White. -Issues of identity. -Kingdom and Church. -The use of the Qur'an in sharing the gopel: promise or compromise?. -Relating to Mohammad and the Mosque. -Dealing with syncretism in insider movements. -Maintaining unity with parallel structures. | |
| 526 | _aSEG42 | ||
| 526 | _aSEG41 | ||
| 526 | _aSEG40 | ||
| 526 | _aSEG39 | ||
| 526 | _aP94 | ||
| 526 | _aP87 | ||
| 526 | _aP86 | ||
| 526 | _aP85 | ||
| 526 | _aP77 | ||
| 526 | _aP76 | ||
| 526 | _aP35 | ||
| 650 | 1 | 4 |
_aCristianismo y otras religiones _xCongresos. |
| 650 | 2 | 4 |
_aMisiones a musulmanes _xCongresos. |
| 650 | 2 | 4 |
_aCristianismo y cultura _xCongresos. |
| 650 | 2 | 4 |
_aAdventistas del Séptimo Día _xMisiones. |
| 700 | 1 |
_aPaulien, Jon, _d1949-, _cDealing with syncretism in insider movements |
|
| 700 | 1 |
_aOsindo, Oscar, _cRelating to Mohammad and the mosque |
|
| 700 | 1 |
_aDiop, Ganoune, _cUse of the Qur'an in sharing the gospel |
|
| 700 | 1 |
_aJohnston, Robert Morris, _d1930-, _cKingdom and church |
|
| 700 | 1 |
_aWhitehouse, Jerald, _cIssues of identity |
|
| 700 | 1 |
_aNunes, Fausto Edgar, _cIntroducing Adventist distinctives in new fields: a literary and historical analysis of selected counsels by Ellen G. White |
|
| 700 | 1 |
_aRoennfeldt, Peter, _cFaith development in context--and overview |
|
| 700 | 1 |
_aDybdahl, Jon, _cDoing theology in mission |
|
| 700 | 1 |
_aBauer, Bruce L. (Bruce Lee), _cMaintaining unity with parallel structures |
|
| 598 | _aCATALOGING | ||
| 596 | _a1 | ||
| 942 |
_2ddc _cBOOK |
||
| 949 |
_a291.1 F1 _bB35 _wDEWEY _c1 _i70922 _mBC _p30.00 _r0 _sY _tLIBRO _u2021-04-20 _xFACTEO _zTeología _oSTAFF. Colección General |
||
| 999 |
_a291.1 F1 _wDEWEY _c32112 _i70922 _f2022-6-9 _g1 _lCCODEBUL1 _mBUL _p30.00 _r0 _sY _tBOOK _u2021-10-1 _xTEOLOGIA _PP35 _0UNKNOWN _d32112 |
||
| 264 |
_aBerrien Springs, Mich. : _bDept. of World Mission, Andrews University, _cc2005. |
||
| 980 |
_81 _gALBERTO SANCHEZ Responsable de Automatización |
||